000 00320nam a22001337a 4500
008 170310b xxu||||| |||| 00| 0 eng d
020 _a9781848009332
041 _aeng
080 _a616-002.77
100 _a7
101 _aSHM
245 _aA CLINICIAN'S PEARLS AND MYTHS IN RHEUMATOLOGY
_cSTONE. J.H
942 _2udc
_cBK
999 _c7460
_d7460